Anatomy of Racism = Anatomía del racismo /

Tallennettuna:
Bibliografiset tiedot
Muut tekijät: Goldberg, David Theo (Toimittaja)
Aineistotyyppi: Tuntematon
Kieli:English
Julkaistu: Minneapolis : University of Minnesota Press, 1990.
Aiheet:
Tagit: Lisää tagi
Ei tageja, Lisää ensimmäinen tagi!

MARC

LEADER 000000000a22000000004500
001 011339
020 |a 0816618038 
041 0 |a eng 
082 0 4 |a 305.8   |b G617a 
700 1 |a Goldberg, David Theo,   |e editor 
245 0 0 |a Anatomy of Racism =   |b Anatomía del racismo /   |c David Theo Goldberg, editor. 
246 3 1 |a Anatomía del racismo 
260 1 |a Minneapolis :   |b University of Minnesota Press,   |c 1990. 
300 |a 356 páginas 
500 |a Colección George Yúdice 
650 4 |a RACISMO 
999 |c 16636  |d 16636 
942 |c BK  |h 305.8 G617a  |2 z